| 000 | 01478cam a2200373 a 4500 | ||
|---|---|---|---|
| 001 | 11769285 | ||
| 003 | OSt | ||
| 005 | 20140310184352.0 | ||
| 008 | 990802s2000 nyua j bef 001 0 eng | ||
| 010 | _a 99043603 | ||
| 020 | _a9780439702119 | ||
| 035 | _a(DLC) 99043603 | ||
| 040 |
_aDLC _cDLC _dDLC |
||
| 042 | _alcac | ||
| 050 | 0 | 0 |
_aAG 105 _b.M428 2000 |
| 100 | 1 |
_aMasoff, Joy, _d1951- _925280 |
|
| 245 | 1 | 0 |
_aOh, yuck! : _bthe encyclopedia of everything nasty / _cby Joy Masoff ; illustrated by Terry Sirrell. |
| 246 | 3 | 0 | _aEncyclopedia of everything nasty |
| 260 |
_aNew York : _bWorkman Pub., _c2000. |
||
| 300 |
_a40 p. : _bill. ; _c26 cm. |
||
| 500 | _aIncludes bibliographical references (p. 203-204) and index. | ||
| 521 | _aG8 | ||
| 526 | _c950 | ||
| 650 | 0 |
_aHandbooks, vade-mecums, etc. _xJuvenile literature. _925281 |
|
| 650 | 0 |
_aAversion _xMiscellaneous _xEncyclopedias, Juvenile. _925282 |
|
| 650 | 0 |
_aAversion _xEncyclopedias, Juvenile. _925283 |
|
| 650 | 1 |
_aCuriosities and wonders. _921910 |
|
| 700 | 1 |
_aSirrell, Terry, _eill. _925284 |
|
| 856 | 4 | 2 |
_3Publisher description _uhttp://www.loc.gov/catdir/enhancements/fy0666/99043603-d.html |
| 906 |
_a7 _bcbc _corignew _d1 _eocip _f19 _gy-gencatlg |
||
| 942 |
_2lcc _cBK-SCHOLAS |
||
| 999 |
_c33966 _d33966 |
||